00535 a2200169 450000500170000000800410001701000140005802000100007203500130008203700150009508200110011010000170012124500830013826000450022127000740026630000250034020080829165050.0080829t xxu||||| |||| 00| 0 eng d aENG-87446 c75.00 aEN-70979 bDBAD / PUB a133.54 aHariharan, K aHow to cast and read your horoscope ?cby K. Hariharan [and] K.S. Krishnamurti aChennaibKrishnamurti Publicationsc2005 aF21-A, First flooor, Spencer Plaza, 769, Anna SalaibChennaie600 002 a161 p.c22 cm ( Pbk)